Statistics for Dutch Municipalities

Click here to take the quiz!

General Stats

  • This quiz has been taken 9,253 times
  • The average score is 97 of 403

Answers on the Map

Answers color-coded by a green-red scale on the quiz's map according to % correct below.
 

Answer Stats

Municipality% Correct
Amsterdam
96%
Rotterdam
92%
Groningen
86%
Utrecht
86%
Maastricht
83%
's-Gravenhage
82%
Eindhoven
78%
Leeuwarden
73%
Texel
73%
Almere
72%
Arnhem
70%
Breda
70%
Lelystad
70%
Haarlem
69%
's-Hertogenbosch
69%
Zwolle
69%
Nijmegen
68%
Tilburg
68%
Ameland
67%
Terschelling
67%
Middelburg
66%
Vlieland
66%
Enschede
65%
Assen
64%
Schiermonnikoog
64%
Venlo
64%
Den Helder
63%
Alkmaar
61%
Apeldoorn
61%
Leiden
61%
Urk
58%
Almelo
57%
Amersfoort
57%
Vlissingen
57%
Delft
56%
Emmen
56%
Bergen
52%
Gouda
52%
Hengelo
52%
Hilversum
52%
Dordrecht
51%
Heerenveen
50%
Roermond
49%
Deventer
48%
Ede
47%
Hoorn
47%
Heerlen
45%
Roosendaal
45%
Amstelveen
44%
Goes
44%
Oss
44%
Terneuzen
44%
Bergen op Zoom
42%
Katwijk
42%
Noordoostpolder
42%
Enkhuizen
41%
Harderwijk
41%
Kerkrade
41%
Delfzijl
40%
Wageningen
40%
Doetinchem
39%
Harlingen
39%
Helmond
39%
Zoetermeer
39%
Dronten
38%
Haarlemmermeer
38%
Meppel
38%
Zaanstad
38%
Zandvoort
38%
Schiedam
37%
Venray
37%
Baarle-Nassau
36%
Kampen
36%
Zutphen
36%
Zeist
35%
Noordwijk
33%
Purmerend
33%
Tiel
33%
Winterswijk
33%
Weert
32%
Gorinchem
31%
Hoogeveen
31%
Nieuwegein
31%
Vaals
31%
Waalwijk
31%
Wassenaar
31%
Woerden
31%
Zeewolde
31%
Soest
30%
Barneveld
29%
Bloemendaal
29%
Bussum
29%
Epe
29%
Sittard-Geleen
29%
Veenendaal
29%
Vlaardingen
29%
Alphen aan den Rijn
28%
Coevorden
28%
Ermelo
28%
Goeree-Overflakkee
28%
Haren
28%
Huizen
28%
Naarden
28%
Castricum
27%
Diemen
27%
Heerhugowaard
27%
Houten
27%
Laren
27%
Stadskanaal
27%
Westland
27%
Aalsmeer
26%
Best
26%
Beverwijk
26%
Blaricum
26%
Duiven
26%
Ommen
26%
Veendam
26%
Baarn
25%
Barendrecht
25%
Culemborg
25%
De Bilt
25%
Nijkerk
25%
Oldenzaal
25%
Putten
25%
Rhenen
25%
Rozendaal
25%
Uden
25%
Boxtel
24%
Lisse
24%
Nunspeet
24%
Rijswijk
24%
Schagen
24%
Weesp
24%
Etten-Leur
23%
Hardenberg
23%
Hulst
23%
Oosterhout
23%
Valkenswaard
23%
Appingedam
22%
Boxmeer
22%
IJsselstein
22%
Maassluis
22%
Schouwen-Duiveland
22%
Sluis
22%
Spijkenisse
22%
Staphorst
22%
Súdwest-Fryslân
22%
Tholen
22%
Velsen
22%
Vught
22%
Zaltbommel
22%
Zevenaar
22%
Zwijndrecht
22%
Cuijk
21%
Edam-Volendam
21%
Muiden
21%
Sliedrecht
21%
Veldhoven
21%
Beek
20%
Bunschoten
20%
Capelle aan den IJssel
20%
Leiderdorp
20%
Oisterwijk
20%
Raalte
20%
Ridderkerk
20%
Veghel
20%
Wijchen
20%
Aalten
19%
Alblasserdam
19%
Beemster
19%
Bunnik
19%
Deurne
19%
Elburg
19%
Geldermalsen
19%
Haaksbergen
19%
Heemstede
19%
Lochem
19%
Medemblik
19%
Papendrecht
19%
Utrechtse Heuvelrug
19%
Veere
19%
Vianen
19%
Aa en Hunze
18%
Brielle
18%
Dalfsen
18%
Goirle
18%
Hattem
18%
Heemskerk
18%
Heiloo
18%
Hendrik-Ido-Ambacht
18%
Hollands Kroon
18%
Kapelle
18%
Landgraaf
18%
Leerdam
18%
Leusden
18%
Noord-Beveland
18%
Pekela
18%
Rheden
18%
Voorschoten
18%
Waddinxveen
18%
Wijk bij Duurstede
18%
Borne
17%
Brunssum
17%
Doesburg
17%
Eemnes
17%
Groesbeek
17%
Hellendoorn
17%
Hellevoetsluis
17%
Hilvarenbeek
17%
Lopik
17%
Midden-Drenthe
17%
Moerdijk
17%
Oegstgeest
17%
Oirschot
17%
Uithoorn
17%
Zundert
17%
Asten
16%
Bladel
16%
Eersel
16%
Grave
16%
Hillegom
16%
Hof van Twente
16%
Hoogezand-Sappemeer
16%
Leidschendam-Voorburg
16%
Loppersum
16%
Nederweert
16%
Renkum
16%
Steenwijkerland
16%
Uitgeest
16%
Waalre
16%
Waterland
16%
Bedum
15%
Beuningen
15%
Bronckhorst
15%
Brummen
15%
De Friese Meren
15%
De Ronde Venen
15%
Dongen
15%
Druten
15%
Gennep
15%
Haaren
15%
Heerde
15%
Loon op Zand
15%
Losser
15%
Montfoort
15%
Overbetuwe
15%
Rucphen
15%
Scherpenzeel
15%
Schijndel
15%
Son en Breugel
15%
Tubbergen
15%
Tynaarlo
15%
Valkenburg aan de Geul
15%
Wierden
15%
Winsum
15%
Alphen-Chaam
14%
Bergeijk
14%
Berkelland
14%
Boekel
14%
Borsele
14%
Buren
14%
Echt-Susteren
14%
Heusden
14%
Horst aan de Maas
14%
Krimpen aan den IJssel
14%
Leek
14%
Meerssen
14%
Neder-Betuwe
14%
Olst-Wijhe
14%
Oud-Beijerland
14%
Oudewater
14%
Pijnacker-Nootdorp
14%
Someren
14%
Steenbergen
14%
Stein
14%
Stichtse Vecht
14%
Westervoort
14%
Woensdrecht
14%
Woudenberg
14%
Zoeterwoude
14%
Zwartewaterland
14%
Borger-Odoorn
13%
De Wolden
13%
Dinkelland
13%
Drimmelen
13%
Eemsmond
13%
Eijsden-Margraten
13%
Geertruidenberg
13%
Geldrop-Mierlo
13%
Gilze en Rijen
13%
Gulpen-Wittem
13%
Hardinxveld-Giessendam
13%
Lansingerland
13%
Nieuwkoop
13%
Noordwijkerhout
13%
Oldambt
13%
Oldebroek
13%
Ooststellingwerf
13%
Oostzaan
13%
Peel en Maas
13%
Renswoude
13%
Rijssen-Holten
13%
Sint-Michielsgestel
13%
Sint-Oedenrode
13%
Slochteren
13%
Smallingerland
13%
Ten Boer
13%
Teylingen
13%
Twenterand
13%
Voorst
13%
Werkendam
13%
Westerveld
13%
Weststellingwerf
13%
Zuidhorn
13%
Achtkarspelen
12%
Bodegraven-Reeuwijk
12%
Cranendonck
12%
De Marne
12%
Dongeradeel
12%
Franekeradeel
12%
Heeze-Leende
12%
het Bildt
12%
Heumen
12%
Kaag en Braassem
12%
Landsmeer
12%
Lingewaard
12%
Maasdriel
12%
Midden-Delfland
12%
Montferland
12%
Nuth
12%
Oude IJsselstreek
12%
Ouder-Amstel
12%
Reimerswaal
12%
Roerdalen
12%
Schoonhoven
12%
Simpelveld
12%
Stede Broec
12%
Voerendaal
12%
Woudrichem
12%
Zuidplas
12%
Aalburg
11%
Albrandswaard
11%
Beesel
11%
Bernheze
11%
Drechterland
11%
Gemert-Bakel
11%
Grootegast
11%
Koggenland
11%
Leeuwarderadeel
11%
Leudal
11%
Maasgouw
11%
Marum
11%
Mook en Middelaar
11%
Noordenveld
11%
Nuenen, Gerwen en Nederwetten
11%
Oost Gelre
11%
Opmeer
11%
Opsterland
11%
Ouderkerk
11%
Reusel-De Mierden
11%
Schinnen
11%
Sint Anthonis
11%
Strijen
11%
Tytsjerksteradiel
11%
Vlagtwedde
11%
West Maas en Waal
11%
Wormerland
11%
Bellingwedde
10%
Binnenmaas
10%
Dantumadiel
10%
Haarlemmerliede en Spaarnwoude
10%
Halderberge
10%
Laarbeek
10%
Landerd
10%
Langedijk
10%
Mill en Sint Hubert
10%
Millingen aan de Rijn
10%
Molenwaard
10%
Ubbergen
10%
Westvoorne
10%
Wijdemeren
10%
Bergambacht
9%
Cromstrijen
9%
Ferwerderadiel
9%
Giessenlanden
9%
Korendijk
9%
Lingewaal
9%
Neerijnen
9%
Onderbanken
9%
Rijnwaarden
9%
Zederik
9%
Bernisse
8%
Graft-De Rijp
8%
Kollumerland en Nieuwkruisland
8%
Littenseradiel
8%
Maasdonk
8%
Menameradiel
8%
Menterwolde
8%
Nederlek
8%
Schermer
8%
Vlist
8%
Zeevang
8%

Score Distribution

Percentile by Number Answered

Percent of People with Each Score

Your Score History

You have not taken this quiz